000
00300nam a22001337a 4500
008
210302b ||||| |||| 00| 0 eng d
020
_a
0226874605
041
_a
eng
080
_2
2nd
_a
82
100
_a
21
101
_a
GJL
245
_a
Perspectives in Linguistics
_c
Waterman,T.J
942
_2
udc
_c
BK
999
_c
55533
_d
55533